[Event "HUN-chT1 Charousek 2324"]
[Site "Hungary"]
[Date "2023.12.10"]
[Round "5.8"]
[White "Erdei, Andras"]
[Black "Volosin, Vladimir"]
[Result "0-1"]
[WhiteElo "2126"]
[BlackElo "2164"]
[PlyCount "118"]
[EventDate "2023.10.08"]
[EventType "team-tourn"]
[EventRounds "11"]
[EventCountry "HUN"]
[SourceTitle "EXT 2025"]
[Source "ChessBase"]
[SourceDate "2024.10.14"]
[SourceVersion "1"]
[SourceVersionDate "2024.10.14"]
[SourceQuality "1"]
[WhiteTeam "Biatorbagy II"]
[BlackTeam "SZASTE"]
[WhiteTeamCountry "HUN"]
[BlackTeamCountry "HUN"]

1. e4 c6 2. d4 d5 3. Nc3 dxe4 4. Nxe4 Nf6 5. Nxf6+ gxf6 6. Bf4 Bf5 7. Nf3 e6 8. Bd3 Bg6 9. Qd2 Bd6 10. Bg3 Qc7 11. Bxd6 Qxd6 12. 0-0-0 Nd7 13. h4 0-0-0 14. h5 Bxd3 15. Qxd3 Qf4+ 16. Qd2 Qg4 17. Qe3 Nb6 18. Rh4 Qf5 19. Qd3 Qa5 20. Kb1 c5 21. Qd2 Qxd2 22. Rxd2 c4 23. c3 Rhg8 24. g3 Nd5 25. Re2 Kd7 26. Nd2 b5 27. Kc2 Rc8 28. Nf1 f5 29. Re5 f6 30. Re1 Rg4 31. Rxg4 fxg4 32. Ne3 Nxe3+ 33. Rxe3 Rg8 34. Re4 h6 35. Kd2 Rg5 36. Ke3 Kd6 37. Kf4 a6 38. a3 Kd5 39. Re1 Rf5+ 40. Ke3 Rxh5 41. a4 Rf5 42. axb5 axb5 43. Ra1 Rf3+ 44. Ke2 b4 45. Ra5+ Ke4 46. Rc5 bxc3 47. Rxc4 cxb2 48. Rb4 h5 49. Rxb2 Rf5 50. Rb6 Kxd4 51. Rxe6 Re5+ 52. Rxe5 Kxe5 53. Kd3 f5 54. Ke3 f4+ 55. Kd3 Kf5 56. Kd4 Kg5 57. Kd3 h4 58. gxh4+ Kxh4 59. Ke2 Kh3 0-1

[Event "HUN-chT2 Breyer 2223"]
[Site "Hungary"]
[Date "2023.02.12"]
[Round "7.5"]
[White "Geher, Jozsef"]
[Black "Erdei, Andras"]
[Result "1/2-1/2"]
[WhiteElo "1860"]
[BlackElo "2146"]
[PlyCount "66"]
[EventDate "2022.10.16"]
[EventType "team-tourn"]
[EventRounds "11"]
[EventCountry "HUN"]
[SourceTitle "EXT 2025"]
[Source "ChessBase"]
[SourceDate "2024.10.14"]
[SourceVersion "1"]
[SourceVersionDate "2024.10.14"]
[SourceQuality "1"]
[WhiteTeam "Budapest MTK II"]
[BlackTeam "Biatorbagy II"]
[WhiteTeamCountry "HUN"]
[BlackTeamCountry "HUN"]

1. e4 c5 2. Nc3 Nc6 3. g3 g6 4. Bg2 Bg7 5. d3 d6 6. Be3 e5 7. Qd2 Be6 8. Nd5 Nf6 9. Bh6 0-0 10. h4 Bxh6 11. Qxh6 Ng4 12. Qd2 h5 13. Nh3 Kg7 14. 0-0 f6 15. f4 Qd7 16. c3 Rae8 17. Rf3 Ne7 18. Nxe7 Qxe7 19. d4 f5 20. Re1 fxe4 21. Rxe4 Bd5 22. Re1 Bxf3 23. Bxf3 Qc7 24. Ng5 cxd4 25. cxd4 exf4 26. Bxg4 hxg4 27. Ne6+ Rxe6 28. Rxe6 Rf5 29. gxf4 Qf7 30. Qe3 Rxf4 31. Re7 Rf1+ 32. Kg2 Rf2+ 33. Kg1 Rf1+ 1/2-1/2

[Event "HUN-chT2 Breyer 2223"]
[Site "Hungary"]
[Date "2023.01.29"]
[Round "6.5"]
[White "Erdei, Andras"]
[Black "Nemeth, Eugen"]
[Result "1/2-1/2"]
[WhiteElo "2146"]
[BlackElo "2042"]
[PlyCount "66"]
[EventDate "2022.10.16"]
[EventType "team-tourn"]
[EventRounds "11"]
[EventCountry "HUN"]
[SourceTitle "EXT 2025"]
[Source "ChessBase"]
[SourceDate "2024.10.14"]
[SourceVersion "1"]
[SourceVersionDate "2024.10.14"]
[SourceQuality "1"]
[WhiteTeam "Biatorbagy II"]
[BlackTeam "Esztergom"]
[WhiteTeamCountry "HUN"]
[BlackTeamCountry "HUN"]

1. e4 c5 2. Nc3 Nc6 3. g3 g6 4. Bg2 Bg7 5. f4 d6 6. Nf3 e6 7. d3 Nge7 8. 0-0 0-0 9. Be3 b6 10. d4 Bb7 11. dxc5 dxc5 12. e5 Qxd1 13. Rfxd1 Rad8 14. Nb5 Nf5 15. Bf2 Nb4 16. Ne1 Bxg2 17. Kxg2 Nd5 18. Kg1 a6 19. Na3 Nde3 20. Rxd8 Rxd8 21. Nf3 b5 22. Re1 Rd1 23. Rxd1 Nxd1 24. Bxc5 Nxb2 25. g4 Na4 26. Bf2 Ne7 27. c4 bxc4 28. Nxc4 Nc3 29. Nd6 Ne2+ 30. Kf1 Nxf4 31. Ng5 Bxe5 32. Ngxf7 Bxd6 33. Nxd6 Nc6 1/2-1/2

[Event "HUN-chT2 Breyer 2223"]
[Site "Hungary"]
[Date "2022.12.18"]
[Round "5.5"]
[White "Laza, Szabolcs"]
[Black "Erdei, Andras"]
[Result "1/2-1/2"]
[WhiteElo "2157"]
[BlackElo "2146"]
[PlyCount "51"]
[EventDate "2022.10.16"]
[EventType "team-tourn"]
[EventRounds "11"]
[EventCountry "HUN"]
[SourceTitle "EXT 2025"]
[Source "ChessBase"]
[SourceDate "2024.10.14"]
[SourceVersion "1"]
[SourceVersionDate "2024.10.14"]
[SourceQuality "1"]
[WhiteTeam "Barcza BEAC"]
[BlackTeam "Biatorbagy II"]
[WhiteTeamCountry "HUN"]
[BlackTeamCountry "HUN"]

1. d4 f5 2. Nf3 Nf6 3. g3 g6 4. Bg2 Bg7 5. 0-0 d5 6. c4 e6 7. Nc3 0-0 8. c5 Ne4 9. Qc2 b6 10. cxb6 axb6 11. Bf4 c5 12. dxc5 bxc5 13. Be5 Nc6 14. Bxg7 Kxg7 15. Nxe4 fxe4 16. Nd2 c4 17. b3 Nd4 18. Qc3 Qf6 19. Kh1 cxb3 20. Nxb3 Nxe2 21. Qc6 Ba6 22. Bh3 Qf3+ 23. Bg2 Qf6 24. Bh3 Qf3+ 25. Bg2 Qf6 26. Bh3 1/2-1/2

[Event "Budapest FS12 IM"]
[Site "Budapest"]
[Date "2009.12.14"]
[Round "10"]
[White "Erdei, Andras"]
[Black "Paschall, William M"]
[Result "0-1"]
[WhiteElo "2146"]
[BlackElo "2386"]
[PlyCount "132"]
[EventDate "2009.12.05"]
[EventType "tourn"]
[EventRounds "11"]
[EventCountry "HUN"]
[EventCategory "2"]
[SourceTitle "CBM 133 Extra"]
[Source "ChessBase"]
[SourceDate "2010.01.05"]
[SourceVersion "1"]
[SourceVersionDate "2010.01.05"]
[SourceQuality "1"]

1. e4 d5 2. exd5 Nf6 3. d4 Nxd5 4. c4 Nb6 5. Nf3 g6 6. Bf4 Bg4 7. Nc3 Bg7 8. Be2 0-0 9. 0-0 Nc6 10. c5 Nd5 11. Nxd5 Qxd5 12. Bxc7 Rac8 13. Bf4 Bxf3 14. Bxf3 Qxd4 15. Be3 Qxb2 16. Rb1 Qxa2 17. Rxb7 Rfd8 18. Rd7 Nd4 19. c6 Qc4 20. Re1 Rxd7 21. cxd7 Rd8 22. Be2 Qd5 23. Qc1 Qxd7 24. Bc4 Rc8 25. Rd1 Rxc4 26. Qxc4 Nf3+ 27. gxf3 Qxd1+ 28. Kg2 Qd7 29. Qc5 a6 30. Qa3 Qb7 31. Bg5 Bf8 32. Qc3 Qd5 33. Bd2 Qe6 34. Qc5 f6 35. Bc1 Kf7 36. Bd2 Bg7 37. Bc1 h6 38. Bd2 h5 39. Bc1 Bf8 40. Bd2 Qd6 41. Qc4+ Qe6 42. Qc5 Qb3 43. Bb4 Qd3 44. Qc7 Qb5 45. Bd2 Qd5 46. Bc3 g5 47. h3 g4 48. hxg4 hxg4 49. Qf4 gxf3+ 50. Qxf3 Ke6 51. Kg3 Qxf3+ 52. Kxf3 Bh6 53. Bb4 f5 54. Ke2 Bf4 55. Ba5 Kd5 56. Kd3 e5 57. f3 e4+ 58. fxe4+ fxe4+ 59. Kc3 Bd6 60. Kb3 Kd4 61. Ka4 Kc4 62. Bb6 Bb4 63. Bf2 Bd2 64. Bg1 Kd3 65. Bb6 e3 66. Bxe3 Kxe3 0-1

[Event "Budapest FS12 IM"]
[Site "Budapest"]
[Date "2009.12.13"]
[Round "9"]
[White "Erdei, Andras"]
[Black "Chan, Mark"]
[Result "1-0"]
[WhiteElo "2146"]
[BlackElo "2286"]
[PlyCount "69"]
[EventDate "2009.12.05"]
[EventType "tourn"]
[EventRounds "11"]
[EventCountry "HUN"]
[EventCategory "2"]
[SourceTitle "CBM 133 Extra"]
[Source "ChessBase"]
[SourceDate "2010.01.05"]
[SourceVersion "1"]
[SourceVersionDate "2010.01.05"]
[SourceQuality "1"]

1. e4 c5 2. Nc3 Nc6 3. g3 g6 4. Bg2 Bg7 5. d3 a6 6. Be3 Nd4 7. f4 d6 8. Qd2 e6 9. Nd1 Ne7 10. c3 Ndc6 11. Nf3 Rb8 12. Nh4 f5 13. 0-0 0-0 14. Nf2 b6 15. Qe2 d5 16. Bd2 d4 17. Rac1 Qd6 18. g4 Bd7 19. gxf5 exf5 20. e5 Qe6 21. Nf3 h6 22. h4 Rfd8 23. h5 gxh5 24. Nh4 Ng6 25. Qxh5 Nxh4 26. Qxh4 dxc3 27. Bxc3 Be8 28. Bh3 Nd4 29. Bxd4 Rxd4 30. Ne4 Rxd3 31. Ng3 Qg6 32. Rc3 Rxc3 33. bxc3 Kh8 34. Rd1 Qc6 35. Rd8 1-0

[Event "Budapest FS12 IM"]
[Site "Budapest"]
[Date "2009.12.12"]
[Round "8"]
[White "Denisov, Ivan"]
[Black "Erdei, Andras"]
[Result "1/2-1/2"]
[WhiteElo "2241"]
[BlackElo "2146"]
[PlyCount "119"]
[EventDate "2009.12.05"]
[EventType "tourn"]
[EventRounds "11"]
[EventCountry "HUN"]
[EventCategory "2"]
[SourceTitle "CBM 133 Extra"]
[Source "ChessBase"]
[SourceDate "2010.01.05"]
[SourceVersion "1"]
[SourceVersionDate "2010.01.05"]
[SourceQuality "1"]

1. e4 c5 2. Nf3 Nc6 3. d4 cxd4 4. Nxd4 Nf6 5. Nc3 e6 6. Ndb5 Bb4 7. a3 Bxc3+ 8. Nxc3 d5 9. exd5 exd5 10. Bd3 0-0 11. 0-0 Bg4 12. f3 Be6 13. Bf4 d4 14. Ne4 Nd5 15. Qd2 Nxf4 16. Qxf4 h6 17. h4 Qb8 18. Nf6+ Kh8 19. Qe4 g6 20. f4 Qd8 21. f5 Qxf6 22. fxe6 Qxe6 23. Qxe6 fxe6 24. Bxg6 Kg7 25. Be4 Rf6 26. Rxf6 Kxf6 27. Rf1+ Ke7 28. Rf4 Rc8 29. Kf2 Ne5 30. Ke2 b6 31. b3 Rc3 32. Bh7 d3+ 33. Bxd3 Nxd3 34. cxd3 Rxb3 35. a4 a5 36. Ke3 Rb2 37. Rg4 Kf7 38. h5 Ra2 39. Rf4+ Ke7 40. g3 Rh2 41. g4 Rb2 42. Rc4 Kf6 43. Kf3 Rb3 44. Ke4 Kg5 45. Ke3 Rb4 46. Re4 Rb1 47. Kf3 Kf6 48. Rf4+ Kg5 49. Re4 Kf6 50. Ke2 Rb4 51. Ke3 Rb1 52. Rc4 Re1+ 53. Kf3 Rf1+ 54. Ke2 Ra1 55. Re4 Rb1 56. Rd4 Rb4 57. Re4 Rb2+ 58. Ke3 Ra2 59. Kf3 Ra1 60. Ke3 1/2-1/2

[Event "Budapest FS12 IM"]
[Site "Budapest"]
[Date "2009.12.11"]
[Round "7"]
[White "Erdei, Andras"]
[Black "Lengyel, Bela"]
[Result "1-0"]
[WhiteElo "2146"]
[BlackElo "2271"]
[PlyCount "71"]
[EventDate "2009.12.05"]
[EventType "tourn"]
[EventRounds "11"]
[EventCountry "HUN"]
[EventCategory "2"]
[SourceTitle "CBM 133 Extra"]
[Source "ChessBase"]
[SourceDate "2010.01.05"]
[SourceVersion "1"]
[SourceVersionDate "2010.01.05"]
[SourceQuality "1"]

1. e4 e5 2. Nf3 Nc6 3. Bc4 Nf6 4. d3 Bc5 5. c3 a6 6. a4 d6 7. 0-0 Ba7 8. Re1 Ne7 9. Nbd2 0-0 10. Nf1 b5 11. Bb3 h6 12. Ng3 Be6 13. d4 Ng6 14. h3 c5 15. Bxe6 fxe6 16. dxe5 Nxe5 17. Nxe5 dxe5 18. Qxd8 Rfxd8 19. axb5 axb5 20. Ra6 c4 21. Rxe6 Nd7 22. Be3 Bxe3 23. Rxe3 Nc5 24. Rxe5 Rd1+ 25. Kh2 Nd3 26. Rxb5 Raa1 27. Rf3 Rg1 28. Ne2 Rh1+ 29. Kg3 Ra6 30. Rb8+ Kh7 31. Rff8 Rg6+ 32. Kf3 Ne1+ 33. Kf4 Nxg2+ 34. Ke5 Rg5+ 35. Kd4 Re1 36. Nf4 1-0

[Event "Budapest FS12 IM"]
[Site "Budapest"]
[Date "2009.12.05"]
[Round "1"]
[White "Erdei, Andras"]
[Black "Szalanczy, Emil"]
[Result "0-1"]
[WhiteElo "2146"]
[BlackElo "2295"]
[PlyCount "66"]
[EventDate "2009.12.05"]
[EventType "tourn"]
[EventRounds "11"]
[EventCountry "HUN"]
[EventCategory "2"]
[SourceTitle "CBM 133 Extra"]
[Source "ChessBase"]
[SourceDate "2010.01.05"]
[SourceVersion "1"]
[SourceVersionDate "2010.01.05"]
[SourceQuality "1"]

1. e4 c5 2. Nf3 d6 3. d4 cxd4 4. Nxd4 Nf6 5. Nc3 g6 6. Be2 Bg7 7. 0-0 Nc6 8. Be3 0-0 9. Nb3 Be6 10. f4 Rc8 11. f5 Bd7 12. g4 Ne5 13. Bd4 Rxc3 14. Bxc3 Nxe4 15. Bd4 gxf5 16. gxf5 e6 17. Qc1 exf5 18. Bd3 Re8 19. Bxe4 fxe4 20. Qf4 f5 21. Kh1 Qe7 22. Qg3 Rf8 23. Rg1 f4 24. Qg5 Qxg5 25. Rxg5 e3 26. Kg2 h6 27. Rh5 Kh7 28. Kf1 Kg6 29. Rxe5 dxe5 30. Bxa7 Bb5+ 31. Kg1 Kf5 32. Bc5 Rg8 33. a4 Bf6+ 0-1

[Event "Budapest FS09 IM-A"]
[Site "Budapest"]
[Date "2009.09.13"]
[Round "9"]
[White "Turzo, Attila"]
[Black "Erdei, Andras"]
[Result "0-1"]
[WhiteElo "2314"]
[BlackElo "2132"]
[PlyCount "58"]
[EventDate "2009.09.05"]
[EventType "tourn"]
[EventRounds "13"]
[EventCountry "HUN"]
[SourceTitle "CBM 132 Extra"]
[Source "ChessBase"]
[SourceDate "2009.11.03"]
[SourceVersion "1"]
[SourceVersionDate "2009.11.03"]
[SourceQuality "1"]

1. e4 c5 2. Nf3 Nc6 3. d4 cxd4 4. Nxd4 Nf6 5. Nc3 e6 6. Ndb5 Bb4 7. a3 Bxc3+ 8. Nxc3 d5 9. exd5 exd5 10. Bd3 0-0 11. 0-0 Bg4 12. Be2 Bf5 13. Bf3 d4 14. Ne2 Bxc2 15. Qxc2 d3 16. Qa4 dxe2 17. Bxe2 Re8 18. Bc4 a6 19. Rd1 Qe7 20. Bf1 Ne4 21. Re1 b5 22. Qb3 Nc5 23. Qe3 Qd7 24. Qd2 Nd4 25. Rb1 Ncb3 26. Rxe8+ Rxe8 27. Qd1 Ne2+ 28. Qxe2 Rxe2 29. Bxe2 Qf5 0-1

[Event "Budapest FS09 IM-A"]
[Site "Budapest"]
[Date "2009.09.10"]
[Round "6"]
[White "Erdei, Andras"]
[Black "Lengyel, Bela"]
[Result "1-0"]
[WhiteElo "2132"]
[BlackElo "2251"]
[PlyCount "63"]
[EventDate "2009.09.05"]
[EventType "tourn"]
[EventRounds "13"]
[EventCountry "HUN"]
[SourceTitle "CBM 132 Extra"]
[Source "ChessBase"]
[SourceDate "2009.11.03"]
[SourceVersion "1"]
[SourceVersionDate "2009.11.03"]
[SourceQuality "1"]

1. e4 e5 2. Nf3 Nc6 3. Bc4 Nf6 4. d3 Bc5 5. c3 a6 6. 0-0 d6 7. a4 Ba7 8. Nbd2 Ne7 9. Re1 Ng6 10. d4 0-0 11. Nf1 h6 12. Ng3 c6 13. h3 Qc7 14. Bb3 Re8 15. Be3 Be6 16. Qc2 Bxb3 17. Qxb3 exd4 18. Bxd4 Ne5 19. Nh4 c5 20. Bxe5 c4 21. Qc2 dxe5 22. Nhf5 b5 23. Qe2 Bc5 24. Qf3 Qb6 25. Re2 Rad8 26. Nh5 Nxh5 27. Qxh5 Rd3 28. Qg4 Qf6 29. axb5 axb5 30. Ra6 Re6 31. Rxe6 fxe6 32. Ng3 1-0

[Event "Budapest FS09 IM-A"]
[Site "Budapest"]
[Date "2009.09.05"]
[Round "1"]
[White "Erdei, Andras"]
[Black "Vegh, Endre"]
[Result "0-1"]
[WhiteElo "2132"]
[BlackElo "2296"]
[PlyCount "76"]
[EventDate "2009.09.05"]
[EventType "tourn"]
[EventRounds "13"]
[EventCountry "HUN"]
[SourceTitle "CBM 132 Extra"]
[Source "ChessBase"]
[SourceDate "2009.11.03"]
[SourceVersion "1"]
[SourceVersionDate "2009.11.03"]
[SourceQuality "1"]

1. e4 c5 2. Nf3 e6 3. d4 cxd4 4. Nxd4 Nf6 5. Bd3 Nc6 6. Nb3 Be7 7. Nc3 0-0 8. 0-0 a6 9. a4 d5 10. exd5 exd5 11. Bf4 Be6 12. Ne2 Rc8 13. c3 Bd6 14. Bxd6 Qxd6 15. Ned4 Ng4 16. g3 Nce5 17. Be2 Bd7 18. h3 Nf6 19. Kh2 Ne4 20. Nf3 Qh6 21. Nxe5 Qxh3+ 22. Kg1 Nxg3 23. Bf3 Nxf1 24. Nxd7 Qxd7 25. Qxd5 Qc7 26. Kxf1 Rfd8 27. Qxb7 Qc4+ 28. Be2 Qh4 29. Qf3 Rb8 30. Ra3 Rb6 31. Qg3 Qh1+ 32. Qg1 Qe4 33. f3 Qb1+ 34. Kf2 Qxb2 35. Qg5 Re8 36. Nd4 Qxa3 37. Qa5 Rg6 38. Nf5 h6 0-1

[Event "Budapest FS10 IM-B"]
[Site "Budapest"]
[Date "2005.10.11"]
[Round "11"]
[White "Erdei, Andras"]
[Black "Khadempour, Farhad"]
[Result "1-0"]
[WhiteElo "2191"]
[BlackElo "2192"]
[PlyCount "65"]
[EventDate "2005.10.01"]
[EventType "tourn"]
[EventRounds "11"]
[EventCountry "HUN"]
[SourceTitle "CBM 108 Extra"]
[Source "ChessBase"]
[SourceDate "2005.11.04"]
[SourceVersion "1"]
[SourceVersionDate "2005.11.04"]
[SourceQuality "1"]

1. e4 e6 2. d4 d5 3. exd5 exd5 4. Bd3 Nf6 5. h3 c5 6. dxc5 Bxc5 7. Qe2+ Be6 8. Bg5 0-0 9. Nd2 Re8 10. 0-0-0 Nc6 11. Nb3 Be7 12. Nf3 h6 13. Be3 Rc8 14. Nfd4 Bd7 15. g4 Nb4 16. Kb1 Nxd3 17. Qxd3 Qc7 18. Nf5 Bf8 19. Rhg1 a6 20. g5 Bb5 21. Nxh6+ Kh8 22. Qf5 gxh6 23. Bd4 Re6 24. Bxf6+ Bg7 25. Nd4 Rb6 26. Bxg7+ Kxg7 27. gxh6+ Kh8 28. Rg7 Rxh6 29. Rxf7 Qb8 30. Qg5 Rh7 31. Qf6+ Kg8 32. Rg1+ Rg7 33. Qxg7# 1-0

[Event "Budapest FS10 IM-B"]
[Site "Budapest"]
[Date "2005.10.10"]
[Round "10"]
[White "Dougherty, Michael J"]
[Black "Erdei, Andras"]
[Result "1-0"]
[WhiteElo "2210"]
[BlackElo "2191"]
[PlyCount "83"]
[EventDate "2005.10.01"]
[EventType "tourn"]
[EventRounds "11"]
[EventCountry "HUN"]
[SourceTitle "CBM 108 Extra"]
[Source "ChessBase"]
[SourceDate "2005.11.04"]
[SourceVersion "1"]
[SourceVersionDate "2005.11.04"]
[SourceQuality "1"]

1. d4 f5 2. Nf3 g6 3. g3 Bg7 4. Bg2 Nf6 5. 0-0 0-0 6. c4 d6 7. Nc3 c6 8. b4 Qe8 9. Bb2 e5 10. dxe5 dxe5 11. e4 Nh5 12. exf5 gxf5 13. Qd2 Be6 14. Qe2 e4 15. Ng5 Bd7 16. f4 h6 17. Nh3 Na6 18. a3 Be6 19. Rac1 Bd4+ 20. Nf2 Qf7 21. Ncd1 c5 22. bxc5 Bxc5 23. Ne3 Rac8 24. Rfd1 Nf6 25. Bh3 Nd7 26. Kh1 Nb6 27. g4 fxg4 28. Bxg4 Bxg4 29. Rg1 Kh7 30. Rxg4 Rg8 31. Rcg1 Rxg4 32. Nexg4 Rf8 33. Nf6+ Qxf6 34. Bxf6 Rxf6 35. Qxe4+ Kh8 36. Ng4 Rc6 37. Qe8+ Kg7 38. Rg3 Rg6 39. Ne5 Rxg3 40. Qf7+ Kh8 41. hxg3 Na4 42. Ng6# 1-0

[Event "Budapest FS10 IM-B"]
[Site "Budapest"]
[Date "2005.10.08"]
[Round "8"]
[White "Hoang, Tri"]
[Black "Erdei, Andras"]
[Result "1/2-1/2"]
[WhiteElo "2199"]
[BlackElo "2191"]
[PlyCount "102"]
[EventDate "2005.10.01"]
[EventType "tourn"]
[EventRounds "11"]
[EventCountry "HUN"]
[SourceTitle "CBM 108 Extra"]
[Source "ChessBase"]
[SourceDate "2005.11.04"]
[SourceVersion "1"]
[SourceVersionDate "2005.11.04"]
[SourceQuality "1"]

1. d4 f5 2. g3 g6 3. Bg2 Bg7 4. Nf3 Nf6 5. 0-0 0-0 6. c4 d6 7. Nc3 c6 8. d5 Qe8 9. Rb1 Na6 10. dxc6 bxc6 11. b4 Bd7 12. b5 Nc5 13. Nd4 Nfe4 14. Nxe4 Nxe4 15. bxc6 Bxc6 16. Ne6 Nc3 17. Nxg7 Qc8 18. Qd3 Bxg2 19. Kxg2 Nxb1 20. Bh6 Qb7+ 21. Kg1 Rab8 22. Ne6 Rf6 23. Nd4 Qe4 24. Qxe4 fxe4 25. Nb5 a6 26. Rxb1 axb5 27. cxb5 g5 28. Bxg5 Rf5 29. Bxe7 Rd5 30. a4 Kf7 31. Bh4 Rd4 32. Ra1 Rb4 33. Bg5 Ra8 34. Bf4 Ke6 35. a5 Rxb5 36. a6 Kd7 37. Ra4 Kc6 38. a7 Rb7 39. Be3 Re7 40. Bd4 Rb7 41. e3 Rb1+ 42. Kg2 Kb5 43. Ra2 Rb4 44. f3 d5 45. fxe4 dxe4 46. Rf2 Kc4 47. Rc2+ Kd3 48. Ra2 Rc4 49. Ra3+ Ke2 50. Ra2+ Kd3 51. Ra3+ Ke2 1/2-1/2

[Event "Budapest FS10 IM-B"]
[Site "Budapest"]
[Date "2005.10.03"]
[Round "3"]
[White "Erdei, Andras"]
[Black "Boguszlavszkij, Jevgenyij"]
[Result "0-1"]
[WhiteElo "2191"]
[BlackElo "2318"]
[PlyCount "78"]
[EventDate "2005.10.01"]
[EventType "tourn"]
[EventRounds "11"]
[EventCountry "HUN"]
[SourceTitle "CBM 108 Extra"]
[Source "ChessBase"]
[SourceDate "2005.11.04"]
[SourceVersion "1"]
[SourceVersionDate "2005.11.04"]
[SourceQuality "1"]

1. e4 g6 2. d4 c6 3. Nc3 d5 4. Nf3 Bg7 5. h3 Nh6 6. Be2 f6 7. Bf4 Nf7 8. Bg3 e6 9. 0-0 Nd7 10. Re1 0-0 11. Bf1 b6 12. Na4 b5 13. exd5 exd5 14. Nc5 Nxc5 15. dxc5 Bd7 16. a4 b4 17. a5 Ne5 18. Nxe5 fxe5 19. Qd2 e4 20. Qxb4 Qg5 21. Qb7 Bd4 22. Kh1 Rad8 23. c3 Bxc5 24. b4 Bxf2 25. Bxf2 Rxf2 26. Qxa7 Qf4 27. Kg1 e3 28. Rxe3 Rf8 29. Rf3 Rxf3 30. gxf3 Qg3+ 31. Bg2 Rxf3 32. Qd4 Bxh3 33. Qd2 Qg4 34. a6 Bxg2 35. Qxg2 Rg3 36. Qxg3 Qxg3+ 37. Kh1 Qh3+ 38. Kg1 Qxc3 39. Ra2 Qxb4 0-1

[Event "Papp Bela Memorial"]
[Site "Budapest"]
[Date "1998.??.??"]
[Round "?"]
[White "Erdei, Andras"]
[Black "Seres, Lajos"]
[Result "0-1"]
[WhiteElo "2205"]
[BlackElo "2445"]
[PlyCount "76"]
[EventDate "1998.??.??"]
[EventType "swiss"]
[EventRounds "9"]
[EventCountry "HUN"]
[SourceTitle "EXT 2002"]
[Source "ChessBase"]
[SourceDate "2001.11.25"]
[SourceVersion "1"]
[SourceVersionDate "2001.11.25"]
[SourceQuality "1"]

1. e4 c5 2. Nf3 Nc6 3. d4 cxd4 4. Nxd4 Nf6 5. Nc3 d6 6. f4 Bd7 7. Nb3 g6 8. Be3 Ng4 9. Bg1 Bg7 10. h3 Nf6 11. Bd3 0-0 12. Qe2 e5 13. fxe5 Nxe5 14. 0-0-0 a6 15. a4 Rc8 16. a5 Be6 17. Bb6 Qe7 18. Kb1 Nfd7 19. Bd4 Nc5 20. Nd5 Bxd5 21. exd5 Nxb3 22. cxb3 Rfe8 23. Bc2 Nd7 24. Qxe7 Rxe7 25. Bxg7 Kxg7 26. b4 Rc4 27. Rhe1 Rxe1 28. Rxe1 Rxb4 29. Re7 Nf6 30. Bd3 Nxd5 31. Rd7 Nc3+ 32. Kc2 Na4 33. b3 Nc5 34. Rxd6 Rxb3 35. Rd5 Rxd3 36. Rxc5 Rg3 37. Rc7 Rxg2+ 38. Kb3 Rg5 0-1

[Event "Budapest FS06 IM"]
[Site "Budapest"]
[Date "1997.??.??"]
[Round "6"]
[White "Schlusnik, Nandor"]
[Black "Erdei, Andras"]
[Result "1-0"]
[WhiteElo "2225"]
[BlackElo "2210"]
[PlyCount "41"]
[EventDate "1997.06.??"]
[EventType "tourn"]
[EventRounds "11"]
[EventCountry "HUN"]
[EventCategory "1"]
[SourceTitle "CBM 058 Extra"]
[Source "ChessBase"]
[SourceDate "1997.07.29"]
[SourceVersion "1"]
[SourceVersionDate "1997.07.29"]
[SourceQuality "1"]

1. Nc3 c5 2. e4 Nc6 3. Nf3 e5 4. Bc4 g6 5. d3 Bg7 6. Ng5 Nh6 7. f4 f6 8. Nf3 d6 9. f5 Ng8 10. 0-0 Nge7 11. Ng5 d5 12. exd5 Nxf5 13. dxc6 fxg5 14. cxb7 Qd4+ 15. Kh1 Bxb7 16. Rxf5 gxf5 17. Qh5+ Kd7 18. Qf7+ Kc8 19. Bd5 Qb4 20. Qe6+ Kc7 21. Qe7+ 1-0

[Event "HUN counties-ch U18"]
[Site "Hungary"]
[Date "1996.??.??"]
[Round "?"]
[White "Acs, Peter"]
[Black "Erdei, Andras"]
[Result "1/2-1/2"]
[WhiteElo "2440"]
[BlackElo "2215"]
[PlyCount "68"]
[EventDate "1996.??.??"]
[EventType "swiss"]
[EventRounds "9"]
[EventCountry "HUN"]
[SourceTitle "EXT 2006"]
[Source "ChessBase"]
[SourceDate "2005.11.24"]
[SourceVersion "1"]
[SourceVersionDate "2005.11.24"]
[SourceQuality "1"]

1. e4 c6 2. d4 d5 3. e5 Bf5 4. c4 dxc4 5. Bxc4 e6 6. Nf3 Bb4+ 7. Bd2 Qa5 8. Qb3 Bxd2+ 9. Nbxd2 Qb6 10. 0-0 Nd7 11. Qc3 Ne7 12. Bd3 Nd5 13. Qa3 Bg4 14. Nc4 Qb4 15. Nd6+ Ke7 16. Be4 Qxa3 17. bxa3 Rab8 18. h3 Bh5 19. Rfc1 Bg6 20. Bxd5 exd5 21. Nh4 Nb6 22. Nxg6+ hxg6 23. Rab1 Rhd8 24. f4 Rd7 25. f5 Nc4 26. Nxc4 dxc4 27. Rxc4 gxf5 28. Kf2 Rbd8 29. Ke3 f6 30. exf6+ Kxf6 31. Rf1 Rf8 32. Kd3 g5 33. Rc5 f4 34. Rf3 Rd5 1/2-1/2

[Event "HUN counties-ch U18"]
[Site "Hungary"]
[Date "1996.??.??"]
[Round "?"]
[White "Erdei, Andras"]
[Black "Kovacs, Tamas"]
[Result "1-0"]
[WhiteElo "2215"]
[BlackElo "2155"]
[PlyCount "48"]
[EventDate "1996.??.??"]
[EventType "swiss"]
[EventRounds "9"]
[EventCountry "HUN"]
[SourceTitle "EXT 2006"]
[Source "ChessBase"]
[SourceDate "2005.11.24"]
[SourceVersion "1"]
[SourceVersionDate "2005.11.24"]
[SourceQuality "1"]

1. e4 c5 2. Nf3 Nc6 3. d4 cxd4 4. Nxd4 g6 5. Nc3 Bg7 6. Be3 Nf6 7. Be2 0-0 8. 0-0 d5 9. Nxc6 bxc6 10. e5 Nd7 11. f4 e6 12. Na4 f6 13. exf6 Qxf6 14. c3 Qe7 15. Qd2 a5 16. Rae1 c5 17. Bb5 Ba6 18. Bxd7 Bxf1 19. Nxc5 Bc4 20. Bxe6+ Kh8 21. b3 d4 22. Bxd4 Rfd8 23. Bd7 Qf7 24. bxc4 Rxd7 1-0